| 000 | 00566nam a22002057a 4500 | ||
|---|---|---|---|
| 003 | KOHA_MİRAKIL | ||
| 005 | 20260406083052.0 | ||
| 008 | 260406b tu ||||| |||| 00| 0 tur d | ||
| 020 | _a9758094734 | ||
| 040 |
_aTR-AnABB _btur _cTR-AnABB |
||
| 041 | _atur | ||
| 082 |
_a818.42 _bOZE 1999 |
||
| 100 | 1 | _aÖzer, Ahmet | |
| 245 | 1 | 0 |
_aDenizin öptüğü kent / _cAhmet Özer |
| 260 |
_aAnkara : _bGüldikeni yayınları, _c1999 |
||
| 300 |
_a223 sayfa ; _c20 cm |
||
| 500 | _ayazar imzalı | ||
| 650 | 0 | 4 | _aTürk edebiyatı,hikaye |
| 942 |
_2ddc _cBK |
||
| 999 |
_c10146 _d10146 |
||
| 900 | _bCem ÖZOGLU | ||